| 000 | 00606nam a2200205Ia 4500 | ||
|---|---|---|---|
| 005 | 20250923144900.0 | ||
| 008 | 008 250917s9999 xx 000 0 eng d | ||
| 037 | _aTextual | ||
| 040 |
_aDSWL _beng _cDSWL |
||
| 041 |
_aeng _2eng |
||
| 084 |
_aL7:4:691, K3 _qDSWL |
||
| 100 |
_aCurrean, Desmord _9829404 |
||
| 245 | 0 |
_aPsychological Medicine, An Introduction to psychiatrists _cby Desmord Currean |
|
| 260 |
_bE.andS. Livingston _c1963 |
||
| 365 |
_aINR _b30 |
||
| 700 |
_a M Partridge _9829405 |
||
| 925 | _g30 | ||
| 942 |
_cTEXL _hL7:4:691, K3 |
||
| 999 |
_c1444539 _d1444539 |
||